000 00369nam a2200145Ia 4500
005 20250515012249.0
008 240331s9999 xx 000 0 und d
082 _a301.7
_bSAN
100 _aSangruthiyayan,R
245 0 _aRig vedakala aryarkal
260 _aChennai
_bNew Century Book House Pvt Ltd
_c1991
300 _a219 p .,
650 _aResearch Book
942 _cL
999 _c1074
_d1074